| 000 | 00521nam a2200157 i 4500 | ||
|---|---|---|---|
| 001 | 61509 | ||
| 003 | ES-MaACL | ||
| 005 | 20230906164455.0 | ||
| 007 | t| | ||
| 008 | 031112s1957 sp ||||1| spa d | ||
| 111 | 2 |
_aExposición Fundación Manuel-José Rodríguez Acosta ( _d1957. _cGranada) _9688 |
|
| 245 | 1 | 0 |
_aFundación Manuel-José Rodríguez Acosta _b: Primer Concurso Exposición : El paisaje. |
| 260 |
_aGranada : _b[s.n., _c1957] |
||
| 300 |
_a9 h., 10 lám. ; _c21 cm. |
||
| 852 |
_aES-MaACL _j1984-F-29 _bR.40849 |
||
| 999 |
_c61509 _d61509 |
||